000 01554nam a2200349 a 4500
001 ebr10369720
003 CaPaEBR
006 m u
007 cr cn|||||||||
008 010404s2000 enka sb 001 0 eng d
010 _z 2001267970
020 _z0761960899
020 _z0761960902 (pbk.)
020 _z9780761960898
020 _z9780857022141 (e-book)
040 _aCaPaEBR
_cCaPaEBR
035 _a(OCoLC)658054510
050 1 4 _aPE1422
_b.D35 2000eb
082 0 4 _a401/.41
_221
100 1 _aDelin, Judy.
245 1 4 _aThe language of everyday life
_h[electronic resource] :
_ban introduction /
_cJudy Delin.
260 _aLondon ;
_aThousand Oaks, Calif. :
_bSAGE Publications,
_c2000.
300 _ax, 208 p. :
_bill.
504 _aIncludes bibliographical references (p. [196]-202) and index.
505 0 _aLanguage of written news reporting -- The language of sports commentary -- The language of instructions -- The language of interviews -- The language of magazine features -- The language of advertising -- Researching the language of everyday life.
533 _aElectronic reproduction.
_bPalo Alto, Calif. :
_cebrary,
_d2013.
_nAvailable via World Wide Web.
_nAccess may be limited to ebrary affiliated libraries.
650 0 _aEnglish language
_xDiscourse analysis.
650 0 _aCommunicative competence.
655 7 _aElectronic books.
_2local
710 2 _aebrary, Inc.
856 4 0 _uhttp://site.ebrary.com/lib/rucke/Doc?id=10369720
_zAn electronic book accessible through the World Wide Web; click to view
999 _c213392
_d213392